|
|
|
|
| LEADER |
00878nam a2200301 4500 |
| 001 |
DLU040029528 |
| 005 |
##20041004 |
| 040 |
# |
# |
|a DLU
|b vie
|
| 041 |
# |
# |
|a vie
|
| 044 |
# |
# |
|a vn
|
| 082 |
# |
# |
|a 351.07
|b Gia
|
| 245 |
# |
# |
|a Giáo trình chính sách kinh tế - xã hội /
|c Đoàn Thị Thu Hà, Nguyễn Thị Ngọc Huyền đồng chủ biên.
|
| 260 |
# |
# |
|a H. :
|b Khoa học và Kỹ thuật,
|c 2000.
|
| 300 |
# |
# |
|a 491 tr. ;
|c 21 cm.
|
| 650 |
# |
# |
|a Chính sách kinh tế
|v Giáo trình.
|
| 650 |
# |
# |
|a Chính sách xã hội
|v Giáo trình.
|
| 700 |
# |
# |
|a Đoàn Thị Thu Hà,
|e chủ biên.
|
| 700 |
# |
# |
|a Nguyễn Thị Ngọc Huyền,
|e chủ biên.
|
| 923 |
# |
# |
|a 21/2004
|
| 992 |
# |
# |
|a 35000
|
| 994 |
# |
# |
|a DLU
|
| 900 |
# |
# |
|a True
|
| 911 |
# |
# |
|a Đào Thị Thu Huyền
|
| 925 |
# |
# |
|a G
|
| 926 |
# |
# |
|a A
|
| 927 |
# |
# |
|a SH
|
| 980 |
# |
# |
|a Thư viện Trường Đại học Đà Lạt
|